02340agaaa2200301 45000010005000000030009000050050017000140070009000310080040000400400023000800410013001031000048001161300029001642450204001932500022003972600118004193000033005375080220005705110090007905200822008805380016017025460013017186500059017317000056017907000060018467000062019067000070019686410IT-RoPAU20220918181231.0d cvaizq50131s9999||||xx ||| | || ||und|| aIT-RoPAUcIT-RoPAU aITALIANO aMarino UmbertogCodice regista SPICS: 36528 aBAMBINO DI BETLEMME (IL) aBAMBINO DI BETLEMME (IL)cProdotto da: Bernabei Luca -- Sceneggiatura: Marino Umberto Zincone Elisabetta -- Diretto da: Marino UmbertopBAMBINO DI BETLEMME (IL) (Rif. Codice opera principale : H6410) aEdizione Standard a(ITALIA)bLUX FILM - VIDES / Distribuzione: MULTIMEDIA SAN PAOLOg"2005 (1° ed.: 2006 ; Ed. Lingua Orig.: 2005)" aDVDbsonoro, col.c97 minuti a"Fotografia: Geslini Alessio; Montaggio: Siciliano Roberto; Musica: Frisina Marco; Sceneggiatura: Marino Umberto Zincone Elisabetta; Scenografia: Biagetti P. D'Ambros; Soggetto: Marino Umberto -- Zincone Elisabetta" a"Brignano Enrico; Fassari Antonello; Caprioli Carlo; Botosso Claudio; Bakri Mohammad" aUNA STORIA DI SPEERANZA CHE PRENDE LO SPUNTO DAL TERRIBILE ASSEDIO DELLA BASILICA DELLA NATIVITA' DI BETLEMME AVVENUTA NELL'APRILE DEL 2002. PROTAGONISTA DI QUESTA AVVENTURA E' DAMIANO, UN CAMERAMAN TELEVISIVO, COSTRETTO A LASCIARE LA VIGILIA DI PASQUA LA MOGLIE E LA FIGLIOLETTA PER ANDARE A GERUSALEMME COME INVIATO CON L'INCARICO DI REALIZZARE UN SERVIZIO SULLA SITUAZIONE IN PALESTINA. VIVRA' IN PRIMA PERSONA UN'AVVENTURA UMANA UNICA, DURATA OLTRE 30 GIORNI, SOTTO I RIFLETTORI DI TUTTO IL MONDO ACCESI SULLA BASILICA ESU CIO' CHE ACCADEVA DENTRO E FUORI DI ESSA, CON LE DRAMMATICHE TESTIMONIANZE DEI FRATI, IL COINVOLGIMENTO DIPLOMATICO AMERICANO ED EUROPEO, LA VOCE DEL PAPA CHE SI APPELLAVA AFFINCHE' FOSSE RISPARMIATO IL SUOLO DOVE TRADIZIONE VUOLE CHE NACQUE GESU'. FILM TV. FILM ANDATO IN ONDA SU RAIUNO... aPAL, STEREO aITALIANO aDRAMMATICOeDVD-FILM [DVD]xCodice MATERIA SPICS: 9947 aFrisina Marcoe(musica)gCodice Musica SPICS: 38406 aMarino Umberto e(regista)gCodice regista SPICS: 36528 aMarino Umberto e(soggetto)gCodice Soggetto SPICS: 36528 aZincone Elisabetta e(soggetto)gCodice Soggetto 2° SPICS: 58520